000 00369nam a22001697a 4500
003 UA-OsUOA
001 2395
007 ta
008 20050721b un ||||| |||| 00| 0 ukr d
100 _aStaples
700 _aSuzanne F.
942 _cBK
040 _aUA-OsUOA
_cUA-OsUOA
_dUA-OsUOA
245 _aShabanu, daughter of the wind.
_bFiction
955 _a2
650 7 _2UDC
999 _c288557
_d288557